00396nam a2200097Ia 45000010005000000080041000050820038000461000078000842450112001622600024002742682241024s9999 xx 000 0 und d aRD/371.2/R426i/2009 LIBRO NO ESTA aRepública Dominicana. Cámara de Cuentas de la República Dominicana. 0aInforme de la auditoría del control interno Ministerio de Educación, del 1 de enero al 23 de abril 2010 bSanto Domingoc2009